Datum a čas kvízu

29.5 Celkem bodů Celkový počet nahraných bodů na tomto kvízu bez doplňovacích otázek.
4. Pořadí na kvízu Konečné umístění týmu na tomto kvízu.

Zaznamenané odpovědi

# Otázka Odpověď Body Výsledky
1. Minulý týden se v Praze konal... půllitry s pivem 1
2. Sarah Mullally stanula minulý... o anglikánskou církev 0
3. Minulý pátek vyšlo již 12. stu... The Life of a Showgirl 0
4. Od 1. října už není možné žáda... Superdávka 1
5. Česká republika má od minulého... Linda Nosková 1
6. Wikipedii s nejvyšší pravděpod... z havajštiny 0
7. Fanoušci kvízu občas jistě se... D 0
8. Dobrým zdrojem informací jsou... Michal Suchánek, Richard Genzer 0
9. Mnemotechnické pomůcky se hodí... struny na kytaře (pořadí strun/tónů) 1
10. Někdy však k úspěchu v kvízu s... 1D 2A 3B 4C 1